| 000 | 01089nam a2200241 a 4500 | ||
|---|---|---|---|
| 001 | BRCA_9069 | ||
| 005 | 20190320210519.0 | ||
| 008 | 050917s1773----sp-#######---#000-0#spa-# | ||
| 041 | _aspa | ||
| 044 | _asp | ||
| 084 |
_aBE83 _b.C37 1773 |
||
| 100 | 1 |
_aBlas Julian y Carrera _922433 |
|
| 245 | 1 | 0 |
_aSermones sobre varios asuntos _btomo tercero _cescritos en francés y traducidos al castellano por Don Blas Julián y Carrera, Abad de Leorin, y Revisor General de Librerías por el Consejo de la Suprema, y General Inquisición. |
| 260 |
_aMadrid _ben la Oficina de Pantaleón Aznar _c1773 |
||
| 300 |
_a[2], 327 p. (t.3) _c20.5 x 15.5 cm |
||
| 500 | _aEstado físico: presenta encuadernación en pergamino pergamino con cintas rotas y con manchas en las hojas de la esquina inferior | ||
| 500 | _aEn portada: Mysterios de Ntro. sr. | ||
| 500 | _aEn portada. A costa de la Real Compañía de Impresores y Libreros del Reyno | ||
| 500 | _aCon las licencias necesarias | ||
| 650 | 1 | 4 |
_aSermones franceses _ySiglo XVII - Obras anteriores a 1700 _921343 |
| 902 | _aCFM | ||
| 942 |
_2lcc _cB |
||
| 999 |
_c8719 _d8719 |
||